Foursomes from Sets (Famous Relatives) Quiz Stats

Quiz Updated Aug 26, 2013

Challenge
Share
Tweet
Score 0/80 Timer 10:00
0 Plays Today
% Correct
Sutherland (parent-child)
96.8%
Sutherland (parent-child)
96.8%
Sutherland (parent-child)
96.8%
Sutherland (parent-child)
96.8%
Sheen & Estevez (parent-child)
91.7%
Sheen & Estevez (parent-child)
91.7%
Sheen & Estevez (parent-child)
91.7%
Sheen & Estevez (parent-child)
91.7%
Voight & Jolie (parent-child)
88.3%
Voight & Jolie (parent-child)
88.3%
Voight & Jolie (parent-child)
88.3%
Voight & Jolie (parent-child)
88.3%
Hawn & Hudson (parent-child)
87.9%
Hawn & Hudson (parent-child)
87.9%
Hawn & Hudson (parent-child)
87.9%
Hawn & Hudson (parent-child)
87.9%
Garland & Minnelli (parent-child)
81.3%
Garland & Minnelli (parent-child)
81.3%
Garland & Minnelli (parent-child)
81.3%
Garland & Minnelli (parent-child)
81.3%
Danner & Paltrow (parent-child)
70.7%
Danner & Paltrow (parent-child)
70.7%
Danner & Paltrow (parent-child)
70.7%
Danner & Paltrow (parent-child)
70.7%
Cage & Coppola (cousins)
69.2%
Cage & Coppola (cousins)
69.2%
Cage & Coppola (cousins)
69.2%
Cage & Coppola (cousins)
69.2%
Leigh & Curtis (parent-child)
66.3%
Leigh & Curtis (parent-child)
66.3%
Leigh & Curtis (parent-child)
66.3%
Leigh & Curtis (parent-child)
66.3%
Reynolds & Fisher (parent-child)
66.1%
Reynolds & Fisher (parent-child)
66.1%
Reynolds & Fisher (parent-child)
66.1%
Reynolds & Fisher (parent-child)
66.1%
Beatty & MacLaine (siblings)
64.5%
Beatty & MacLaine (siblings)
64.5%
Beatty & MacLaine (siblings)
64.5%
Beatty & MacLaine (siblings)
64.5%
% Correct
Shankar & Jones (parent-child)
62%
Shankar & Jones (parent-child)
62%
Shankar & Jones (parent-child)
62%
Shankar & Jones (parent-child)
62%
Redgrave & Richardson (parent-child)
61.3%
Redgrave & Richardson (parent-child)
61.3%
Redgrave & Richardson (parent-child)
61.3%
Redgrave & Richardson (parent-child)
61.3%
Mansfield & Hargitay (parent-child)
58.1%
Mansfield & Hargitay (parent-child)
58.1%
Mansfield & Hargitay (parent-child)
58.1%
Mansfield & Hargitay (parent-child)
58.1%
Landers & Van Buren (siblings)
57.1%
Landers & Van Buren (siblings)
57.1%
Landers & Van Buren (siblings)
57.1%
Landers & Van Buren (siblings)
57.1%
Vanderbilt & Cooper (parent-child)
56.4%
Vanderbilt & Cooper (parent-child)
56.4%
Vanderbilt & Cooper (parent-child)
56.4%
Vanderbilt & Cooper (parent-child)
56.4%
Duke & Astin (parent-child)
55.4%
Duke & Astin (parent-child)
55.4%
Duke & Astin (parent-child)
55.4%
Duke & Astin (parent-child)
55.4%
Hedren & Griffith (parent-child)
54.6%
Hedren & Griffith (parent-child)
54.6%
Hedren & Griffith (parent-child)
54.6%
Hedren & Griffith (parent-child)
54.6%
Rashad & Allen (siblings)
49.7%
Rashad & Allen (siblings)
49.7%
Rashad & Allen (siblings)
49.7%
Rashad & Allen (siblings)
49.7%
Ladd & Dern (parent-child)
48%
Ladd & Dern (parent-child)
48%
Ladd & Dern (parent-child)
48%
Ladd & Dern (parent-child)
48%
Carradine & Plimpton (uncle-niece)
46.3%
Carradine & Plimpton (uncle-niece)
46.3%
Carradine & Plimpton (uncle-niece)
46.3%
Carradine & Plimpton (uncle-niece)
46.3%

You're not logged in!

Compare scores with friends on all Sporcle quizzes.
Join for Free
OR
Log In

You Might Also Like...

Show Comments

Extras

Top Quizzes Today


Score Distribution

Your Account Isn't Verified!

In order to create a playlist on Sporcle, you need to verify the email address you used during registration. Go to your Sporcle Settings to finish the process.

Report this User

Report this user for behavior that violates our Community Guidelines.

Details: